Eliminación por Categoría - Geografía Asiática #2 - Estadísticas

Estadísticas generales
  • Esta prueba ha sido intentada 4.683 veces
  • La puntuación promedio es 14 de 20
Estadísticas de respuestas
Grupo # Categoría % Correcto
Verde 48 Países de Asia
100%
Verde 22 ... con menos de 15 millones de habitantes
96%
Verde 10 ... cuya elevación máxima es mayor a 3000m
89%
Naranja 48 Capitales de Asia
87%
Azul 48 Países de Asia (por bandera)
85%
Verde 7 ... que no termina en "-stan"
84%
Azul 34 ... que no tenga negro
84%
Naranja 23 ... cuya latitud está al norte de El Cairo
82%
Azul 7 ... que no tenga blanco
82%
Azul 4 ... que sea al menos 50% rojo
80%
Morado 96 Países o Capitales de Asia
79%
Naranja 8 ... con al menos 3 millones de personas
78%
Morado 23 ... que terminen con la letra A
77%
Naranja 3 ... con exactamente 5 letras en su nombre
72%
Morado 10 ... tienen como máximo 6 letras en su nombre
71%
Morado 4 ... con al menos 10 millones de personas
66%
Verde 1 ... que empieza y termina con una vocal Armenia
48%
Azul 1 ... y que tenga más de dos colores Mongolia
30%
Naranja 1 ... y cuyo país no tiene salida al mar Kabul
19%
Morado 1 ... y cuya elevación máxima sea menor a 1000m Daca
6%
No se encontraron pruebas coincidentes
Distribución de puntuación
Porcentaje de gente con cada puntuación
Porcentaje por número respondido
Historial de tus puntuaciones
No has intentado esta prueba.